LEADER 01596nam--2200445---450- 001 990000277470203316 005 20090807134512.0 010 $a88-387-1771-0 035 $a0027747 035 $aUSA010027747 035 $a(ALEPH)000027747USA01 035 $a0027747 100 $a20001017d2000----km-y0itay0103----ba 101 0 $aita 102 $aIT 105 $a||||||||001yy 200 1 $a<> tecnico dell'ente locale$emanuale per la preparazione ai concorsi pubblici e guida per gli istruttori tecnici di comuni, province, regioni e comunitáa montane$e4. ed. aggiornata con il testo approvato del Regolamento Merloni-ter ...$fErmete Dalprato, Roberto Maria Brioli 210 $aRimini$cMaggioli$dcopyr. 2000 215 $a570 p.$d24 cm 225 2 $aCorsi & concorsi 410 0$12001$aCorsi & concorsi 606 $aEdilizia$xLegislazione$xManuali 606 $aUrbanistica$xLegislazione$xManuali 676 $a344.45045 700 1$aDALPRATO,$bErmete$0343022 701 1$aBRIOLI,$bRoberto Maria$0541860 801 0$aIT$bsalbc$gISBD 912 $a990000277470203316 951 $aXXI.6. 117 (IG IV 1282 )$b26391 G.$cXXI.6. 117 (IG IV)$d00005778 951 $aIG IV 1282 A$b27752 G.$cIG IV$d00068664 959 $aBK 969 $aGIU 979 $aTAMI$b40$c20001017$lUSA01$h1217 979 $c20001110$lUSA01$h1716 979 $aTAMI$b40$c20001222$lUSA01$h1253 979 $c20020403$lUSA01$h1635 979 $aPATRY$b90$c20040406$lUSA01$h1620 979 $aRSIAV4$b90$c20090807$lUSA01$h1345 996 $aTecnico dell'ente locale$9881907 997 $aUNISA LEADER 00970nam0-2200289---450- 001 990008224370403321 005 20051115093136.0 035 $a000822437 035 $aFED01000822437 035 $a(Aleph)000822437FED01 035 $a000822437 100 $a20051115d1845----km-y0itay50------ba 101 0 $afre 102 $aFR 105 $aa-------001yy 200 1 $aProject d'un canal de jonction de l'Océan Pacifique et de l'Océan Atlantique a travers l'Isthme de Panama$fpar Napoléon Garella 210 $aParis$cCarillian-Goeury et Dalmont$d1845 215 $aVIII, 233 p., 2 c. ripieg.$cill.$d24 cm 610 0 $aPanama 700 1$aGarella,$bNapoléon$0499001 801 0$aIT$bUNINA$gRICA$2UNIMARC 901 $aBK 912 $a990008224370403321 952 $aK-01-042$bIst. 3706$fILFGE 959 $aILFGE 996 $aProject d'un canal de jonction de l'Océan Pacifique et de l'Océan Atlantique a travers l'Isthme de Panama$9738772 997 $aUNINA